00881nam a22002531 450000100070000000500170000700800410002401000170006504000220008205000160010408200170012010000420013724500560017926000410023530000340027650400300031065000310034094200210037199900170039233600260040933700280043533800270046395201370049027938620240818092921.0831201s1964 enka b 000 0 eng  a 64021578  aDLC/ICUcICUdDLC00aQC176b.Z5300a530222bZIM1 aZiman, J. M.q(John M.),d1925-9672010aPrinciples of the Theory of solids/cby J.M. Ziman. aCambridge,bUniversity Press,c1964. axiii, 360 p.:bill. ;c24 cm. aBibliography: p. 347-351. 0aSolid state physics.96721 2ddccBBhRDA-MOD c11968d11968 2rdacontentatextbtxt aunmediated2rdamediabn avolumebnc2rdacarrier 00102ddc40708Alef-BaaaMAINbMAINc1STd2009-06-23epurchaseg150.00l0o530 ZIMp000017021r2025-07-15 00:00:00w2009-06-23yBB